000 00302nam a22001337a 4500
005 20260313131412.0
008 260313b |||||||| |||| 00| 0 eng d
022 _a2277-9116
245 _aPRACTICAL LAWYER [JAN-2026]
260 _aDELHI
_bE B C
_c2026
300 _a106;P
650 _aLAW
942 _cJRL
999 _c9101
_d9099